All ENHYPEN Songs (until Bad Desire) - Statistics

General Stats
  • This quiz has been taken 221 times
    66 since last reset
  • The average score is 55 of 73
Answer Stats
Answer % Correct
Given-Taken
97%
XO (Only If You Say Yes)
95%
Bite Me
92%
Drunk-Dazed
92%
Fever
92%
Bad Desire (With or Without You)
90%
Polaroid Love
90%
10 Months
87%
Bills
87%
Lucifer (by JAY, JAKE, SUNGHOON)
87%
Outside
87%
Sweet Venom
87%
Teeth (by JUNGWON, HEESEUNG, SUNOO, NI-KI)
87%
Daydream
85%
Fatal Trouble
85%
Fate
85%
Future Perfect (Pass the MIC)
85%
Highway 1009
85%
Loose
85%
Moonstruck
85%
Royalty
85%
SHOUT OUT
85%
Brought The Heat Back
82%
Chaconne
82%
Criminal Love
82%
Flashover
82%
Flicker
82%
Go Big or Go Home
82%
Karma
82%
Let Me In (20 Cube)
82%
No Doubt
82%
Sacrifice (Eat Me Up)
82%
Helium
79%
Hundred Broken Hearts
79%
Not For Sale
79%
Paranormal
79%
Still Monster
79%
Tamed-Dashed
79%
Your Eyes Only
79%
Attention, please!
77%
Blessed-Cursed
77%
Blockbuster (Ft. Yeonjun)
77%
Orange Flower (You Complete Me)
77%
ParadoXXX Invasion
77%
Too Close
77%
Upper Side Dreamin’
77%
Blind
74%
BLOSSOM
74%
Intro: Walk The Line
72%
Mixed Up
72%
Scream
72%
TFW (That Feeling When)
72%
Echoes
69%
Foreshadow
69%
Hey Tayo
69%
Shine On Me
69%
Intro: The Invitation
67%
Mortal
67%
Outro: Cross The Line
67%
Outro: The Wormhole
67%
Billy Poco
64%
Just A Little Bit
64%
Always
62%
Forget Me Not
62%
Intro: Whiteout
62%
One In A Billion
62%
Outro : Day 2
59%
WALK THE LINE
56%
One and Only
51%
Make The Change
49%
Home
44%
Interlude: Question
36%
Keep Swimmin’ Through
33%
No matching quizzes found
Score Distribution
Percent of People with Each Score
Percentile by Number Answered
Your Score History
You have not taken this quiz since the last reset